000
00470nam a2200181Ia 4500
008
100917s9999 xx 000 0 und d
082
_b
3742
100
_a
भावे पुरूषोत्तम भास्कर
245
_a
स्वप्न
260
_b
---
300
_a
139
365
_b
3
520
_a
कादंबरी
630
_a
स्वप्न
650
_a
कादंबरी
730
_a
स्वप्न
942
_c
BOOK
999
_c
609136
_d
609133